书目信息 |
| 题名: |
中国古典舞教材新编
|
|
| 作者: | 李珍 编著 | |
| 分册: | ||
| 出版信息: | 北京 人民音乐出版社 2001 |
|
| 页数: | 127页 | |
| 开本: | 30cm | |
| 丛书名: | ||
| 单 册: | ||
| 中图分类: | J722.4 | |
| 科图分类: | ||
| 主题词: | 古典舞蹈--中国--教材 , CT--S026849--古典舞蹈 | |
| 电子资源: | ||
| ISBN: | 7-103-02333-6 | |
| 000 | 00744nam0 2200229 45 | |
| 001 | 012002045291 | |
| 005 | 20070807085645.26 | |
| 010 | @a7-103-02333-6@dCNY18.30 | |
| 100 | @a20020527d2001 em y0chiy0110 ea | |
| 101 | 0 | @achi |
| 102 | @aCN@b110000 | |
| 105 | @ay z 000yy | |
| 200 | 1 | @a中国古典舞教材新编@9zhong guo gu dian wu jiao cai xin bian@e技巧·剑舞·长袖@f李珍编著 |
| 210 | @a北京@c人民音乐出版社@d2001 | |
| 215 | @a127页@d30cm | |
| 330 | @a本书是一本中国古典舞教材,全书共分三个部分:“中国古典舞技巧组合训练”、“剑舞”、“长袖舞”等。 | |
| 606 | 0 | @a古典舞蹈@y中国@j教材 |
| 606 | 0 | @2CT@3S026849@a古典舞蹈 |
| 690 | @aJ722.4@v4 | |
| 701 | 0 | @a李珍@9li zhen@4编著 |
| 801 | 0 | @aCN@bNLC@c20070807 |
| 905 | @a10447@dJ722.4@e103 | |
| 中国古典舞教材新编:技巧·剑舞·长袖/李珍编著.-北京:人民音乐出版社,2001 |
| 127页;30cm |
| ISBN 7-103-02333-6:CNY18.30 |
| 本书是一本中国古典舞教材,全书共分三个部分:“中国古典舞技巧组合训练”、“剑舞”、“长袖舞”等。 |
| ● |
| 相关链接 |
|
|
|
|
正题名:中国古典舞教材新编
索取号:J722.4/103
 
预约/预借
| 序号 | 登录号 | 条形码 | 馆藏地/架位号 | 状态 | 备注 |
| 1 | 0802153 | 208021530 | 第一样本阅览室/ [索取号:J722.4/103] | 在馆 | |
| 2 | 0802154 | 208021549 | 第一借阅区/ [索取号:J722.4/103] | 在馆 | |
| 3 | 0802155 | 208021558 | 第一借阅区/ [索取号:J722.4/103] | 在馆 | |
| 4 | 0802156 | 208021567 | 第一借阅区/ [索取号:J722.4/103] | 在馆 | |
| 5 | 0802157 | 208021576 | 密集书库-音乐系/ [索取号:J722.4/103] | 在馆 |